MATHEMATICSS CLASS-X (Record no. 11219)
[ view plain ]
| 000 -LEADER | |
|---|---|
| fixed length control field | 00229nam a22000977a 4500 |
| 008 - FIXED-LENGTH DATA ELEMENTS--GENERAL INFORMATION | |
| fixed length control field | 181012b ||||| |||| 00| 0 eng d |
| 020 ## - INTERNATIONAL STANDARD BOOK NUMBER | |
| International Standard Book Number | 8193847912 |
| 100 ## - MAIN ENTRY--PERSONAL NAME | |
| Personal name | SHARMA.R.D |
| 9 (RLIN) | 6973 |
| 245 ## - TITLE STATEMENT | |
| Title | MATHEMATICSS CLASS-X |
| 942 ## - ADDED ENTRY ELEMENTS (KOHA) | |
| Source of classification or shelving scheme | Dewey Decimal Classification |
| Koha item type | BOOK |
| Withdrawn status | Lost status | Source of classification or shelving scheme | Damaged status | Not for loan | Home library | Current library | Shelving location | Date acquired | Total Checkouts | Total Renewals | Full call number | Barcode | Date last seen | Date last checked out | Price effective from | Koha item type |
|---|---|---|---|---|---|---|---|---|---|---|---|---|---|---|---|---|
| Dewey Decimal Classification | Good Samaritan School Library | Good Samaritan School Library | Mathematics | 10/12/2018 | 22 | 7 | SHA510 | SHA15182 | 11/23/2022 | 09/28/2022 | 10/12/2018 | BOOK |